000
00295nam a22001337a 4500
020
_a
0-273-40238-2
082
_a
629.287 ABB'A
100
_a
ABEY, STATON
_9
78065
245
_a
AUTOMOBILE WORKSHOP PRACTICE
250
_a
2ND
260
_a
LONDON
_b
PITMAN
_c
1960
300
_a
175P
942
_c
BK
999
_c
583221
_d
583221